| 000 | 00991cab a2200229 4500 | ||
|---|---|---|---|
| 001 | ABS47196 | ||
| 008 | 090401t1992 xxu||||| |||| 00| 0 eng d | ||
| 035 | _a(Sirsi) u61013 | ||
| 041 | _aeng | ||
| 100 | _aSadgrove, R. | ||
| 245 | _aMaintenance and restoration of concrete buildings | ||
| 260 | _c1992 | ||
| 350 | _a0 | ||
| 490 |
_aStructural Survey _v11(2) Autumn 1992, 122-128(4) |
||
| 520 | _aExplains some practical problems that have been encountered in the specification and repair of concrete buildings and suggests that maintenance should be pre-planned rather than commenced when signs of deterioration occur. It also sets out some of the problems associated with carrying out noisy and potentially messy repairs to occupied buildings. References. (Based on journal abstract) | ||
| 650 | _aPLANNED MAINTENANCE | ||
| 650 | _aREINFORCED CONCRETE | ||
| 650 | _aREPAIRS | ||
| 690 | _aBUILDING AND CONSTRUCTION-REPAIRS AND MAINTENANCE | ||
| 942 | _n0 | ||
| 948 | _c04/03/1997 | ||
| 999 |
_c37724 _d37724 |
||